000
00232 a2200109 4500
001
125098
040
_c
Escola Canadense de Niteroi
090
_a
E2
100
_a
Cunha, Leo
245
1
0
_a
Era Uma Vez Um Reino Sonolento
942
_c
BK
999
_c
125098
_d
125098